|
|
|
|
| LEADER |
00590nam a22001817a 4500 |
| 005 |
20160826095608.0 |
| 008 |
091030t xxu||||| |||| 00| 0 eng d |
| 020 |
|
|
|a 0-06-045016-9
|
| 082 |
|
|
|a 519.226
|b PAR
|
| 100 |
|
|
|a Parsons, Robert
|9 2047
|
| 245 |
|
|
|a Statistical analysis:
|b a decision making approach/2nd ed.
|
| 250 |
|
|
|a 2nd ed.
|
| 260 |
|
|
|a New York
|b Harper& Row
|c 1978
|
| 300 |
|
|
|a xvi,791p.
|
| 653 |
|
|
|a Statistical decision
|
| 942 |
|
|
|c BK
|6 _
|
| 999 |
|
|
|c 178238
|d 178238
|
| 952 |
|
|
|0 0
|1 0
|2 ddc
|4 0
|6 519226_PAR
|7 0
|9 230477
|a STA
|b STA
|c GEN
|d 2009-10-30
|o 519.226 PAR
|p STA92
|r 2014-12-12
|w 2009-10-30
|y BK
|